Otec sa vracia k roľníčeniu, syn ďalej verí veľkovýrobe

Z obsahu: FAO v budúcich dvoch rokoch s nižším rozpočtom. Domino stojí pevne.

Saved in:
Bibliographic Details
Main Author: Janků, Jaroslav
Format: Book Chapter
Language:Slovak
Subjects:
Tags: Add Tag
No Tags, Be the first to tag this record!

MARC

LEADER 00000naa a2200000 4500
001 r020442
005 20221213101003.8
041 0 |a slo 
044 |a SK 
245 1 0 |a Otec sa vracia k roľníčeniu, syn ďalej verí veľkovýrobe  |c J. Janků 
520 |a Z obsahu: FAO v budúcich dvoch rokoch s nižším rozpočtom. Domino stojí pevne. 
610 2 0 |a poľnohospodárstvo 
610 2 0 |a majetky štátne 
610 2 0 |a privatizácia 
610 2 0 |a financie 
610 2 0 |a podnikanie 
610 2 0 |a FAO 
100 1 |a Janků, Jaroslav